000 00576nam a22002177a 4500
003 UA-OsUOA
001 55599
007 ta
008 20080917b un ||||| |||| 00| 0 ukr d
100 _aЛєсной В.
090 _a94(477)
_bЛ-12
942 _cSA
040 _aUA-OsUOA
_bukr
_cUA-OsUOA
_dUA-OsUOA
245 _aЗлочини та кара диктатури "пролетаріату"
300 _aС.4
955 _a0
041 _aukr
080 _a94(477)
773 0 _w55598
650 7 _a9 Географія. Біографії. Історія
_2UDC
999 _c341678
_d341678